Normal view
MARC view
Entry Geographic Name
001 - CONTROL NUMBER
- control field: 1415
003 - CONTROL NUMBER IDENTIFIER
- control field: ARRUPE
005 - DATE AND TIME OF LATEST TRANSACTION
- control field: 20130926131738.0
008 - FIXED-LENGTH DATA ELEMENTS
- fixed length control field: 130926|| aca||aabn | a|a d
040 ## - CATALOGING SOURCE
- Original cataloging agency: ARRUPE
- Transcribing agency: ARRUPE
151 ## - HEADING--GEOGRAPHIC NAME
- Geographic name: Shamva District (Zimbabwe)
- General subdivision: Economic policy.
670 ## - SOURCE DATA FOUND
- Source citation: Work cat.: (ARRUPE)0: Mudege, Netsayi Noris. 1408, An ethnography of knowledge :, c2008.